000 00439nam a2200181Ia 4500
001 11494
005 20260306162832.0
008 260306t1967||||xx |||||||||||||| ||spa||
041 _aESP
082 _a985.061
_bL98
100 _aLuna Vegas, Emilio ( 1912 - ...)
_eAUT
245 0 _aLos inmortales de Huamachuco
260 _c1967
300 _a46 páginas :
_c21 cm.
650 _aGEN
654 _aCHU
942 _cLIB
_dJUS
_fJUS
_2ddc
_n
999 _c11494
_d11494